LEADER 01716nam a2200277 4500 001 000000364361 003 CaOOAMICUS 005 20250916144131.0 008 250916s1785 it a 000 u ita r 026 $aneu- a:e: zos- a,le (S) 1785 (Q) 040 $aSeMil$bita 110 21$aMilano$c.$0(OLS)http://semarc/name/72392 245 10$aJosephus 2. Dei gratia electus Romanorum imperator, semper Augustus, Germaniae, Hungariae, & Bohemiae rex, archidux Austriae, dux Burgundiae, Lotharingiae, Mediolani, & Mantuae &c. &c. &c. Ferdinando principe reale di Ungheria ... Governatore, e capitano generale nella Lombardia Austriaca. 264 1$cMilano, 1785. 300 $a1 manifesto ;$catl. 500 $aEditto che regolamenta le pratiche per le pubblicazioni di Matrimonio 500 $aData di emanazione in calce: Milano, 22 giugno 1785 500 $aFirmatari in calce 500 $aIncipit del testo: Teniamo da Sua Maestà l'Imperatore e Re Nostro Signore il Cesareo Reale Dispaccio del tenor seguente 700 0 $aJoseph II,$c.$0(OLS)http://semarc/name/117001 850 $aSeMil 852 $aSeMil$W1$xVenegono$y1$m5B II 39/8 FA$j261886$B255227$CSeMilBibl$Z2$F255227 $8I 961 $aLegato in fine al vol. 5B II 39/7 FA 996 $6245$aJosephus 2. Dei gratia electus Romanorum imperator, semper Augustus, Germaniae, Hungariae, & Bohemiae rex, archidux Austriae, dux Burgundiae, Lotharingiae, Mediolani, & Mantuae &c. &c. &c. Ferdinando principe reale di Ungheria ... Governatore, e capitano generale nella Lombardia Austriaca$9(OLS)http://semarc/title/455724 996 $6264$a[S.l.] :$b[s.n.]$9(OLS)http://semarc/publisher/0 LEADER 00924nam a2200217 i 4500 001 000000209367 003 CaOOAMICUS 005 20111214000000.0 008 111214s1960 it u000 u ita u 013 $a188156 040 $aSeMil$bita 100 1 $aMignet, François Auguste Alexis.$0(OLS)http://semarc/name/93561 245 13$aLa Rivoluzione francese /$cAugusto Mignet ; traduzione di Laura Salvagno ; a cura di Gerardo Polacchi. 260 $aRoma :$bArmando Curcio,$cstampa 1960. 300 $a391 p., [8] c. di tav. :$bill. ;$c28 cm. 700 1 $aPolacchi, Gerardo.$0(OLS)http://semarc/name/75033 700 1 $aSalvagno, Laura.$0(OLS)http://semarc/name/75032 850 $aSeMil 852 $aSeMil$W1$xVenegono$y1$m3U VI 44$j159818$B159818$CSeMilBibl$Z2$F170875 $81 996 $6245$aLa Rivoluzione francese$9(OLS)http://semarc/title/207407 996 $6260$aRoma :$bArmando Curcio$9(OLS)http://semarc/publisher/55954